00628nam a22001697a 4500952014200000999001700142003000400159005001700163008004100180020001800221040000900239082001800248100002600266245009600292260002800388942004200416 00102ddc40708ENTRANCEaMESbMEScCAREER CORNERd2021-02-25g599.00l0o515.43 MIS/Fp40831r2021-02-25 00:00:00w2021-02-25yBKzU7R5 c41012d41012OSt20210225120035.0210225b ||||| |||| 00| 0 eng d a9789332570276 coclc a515.43bMIS/F 98476aMishra, Sanjay  aFundamentals of Mathematics For JEE Main and Advanced :bIntegral Calculus /cSanjay Mishra aDelhi:bPearson,c2017. 2ddccBKh515.43iMIS/Fk515.43mMIS/F